01105nas a2200277Ia 4500001002700000003001000027008004100037040002500078041001300103100002500116210003100141222003100172245007000203250001100273260000900284501012300293300001400416362002400430500009500454650002300549700001100572942000700583957000600590999003200596952019900628A50/R101-4135 [r000001259]IT-MiCISF161014c99999999xx |||||||||||| ||und|| aIT-MiCISFcIT-MiCISF aITALIANO aD'Agostino Francesco aRivista di teologia morale aRivista di teologia morale 0aFamiglia norma società. Questione di antecedenza e di strutture a1a ed. c1985 bCISF - Centro Internazionale Studi Famiglia - Via Giotto, 36 20145 MILANO (non commercial uses only)cCopyright 2016 a pp. 9-31 a67, lug-set. [1985] a Tema: famiglia, società, funzione-famiglia, modello-famiglia, ruoli-familiari, teologia aFAMIGLIAvarticolo aAA.VV. cCR 71 a4135bSig1c223133d223133 0010406A_50_000000000000000_R1014135_R00000125971aCISFbCISFd2016-10-14l0oA50/R101-4135 [r000001259]r2016-10-14 00:00:00w2016-10-14yCRzData import 15.10.2016 / by Epidotti, Vaglietti